000 00775nam a2200181Ia 4500
008 090124s9999 xx 000 0 und d
082 _b10057
_a165
100 _aदेशपांडे ग.त्र्यं. (गणेश त्र्यंबक)
245 _a भारतीय साहित्य शास्त्र
250 _a1
260 _c1958
300 _a336+13
600 _aदेशपांडे ग.त्र्यं. (गणेश त्र्यंबक)
630 _a भारतीय साहित्य शास्त्र
700 _aदेशपांडे ग.त्र्यं. (गणेश त्र्यंबक)
730 _a भारतीय साहित्य शास्त्र
942 _cBOOK
999 _c124151
_d124151